Jelentés a Galilei kör 1909/10. évi működéséről
Elmentve itt :
| Dokumentumtípus: | Folyóirat |
|---|---|
| Megjelent: |
1910
|
| Sorozat: | Galilei kör jelentései
|
| Online Access: | http://misc.bibl.u-szeged.hu/48668 |
| LEADER | 00468nas a2200133 i 4500 | ||
|---|---|---|---|
| 001 | misc48668 | ||
| 005 | 20200414114557.0 | ||
| 008 | 200414s1910 hu o 0|| zxx d | ||
| 040 | |a SZTE Miscellanea Repozitórium |b hun | ||
| 041 | |a zxx | ||
| 245 | 0 | 0 | |a Jelentés a Galilei kör 1909/10. évi működéséről |h [elektronikus dokumentum] |
| 260 | |c 1910 | ||
| 490 | 0 | |a Galilei kör jelentései | |
| 856 | 4 | 0 | |u http://misc.bibl.u-szeged.hu/48668/1/galilei_kor_1910_fuggelek.pdf |z Dokumentum-elérés |